Ruaḥ ḳarah min ha-tsafon : (Record no. 32955)

MARC details
000 -LEADER
fixed length control field 00686cam a22002291 4500
001 - CONTROL NUMBER
control field he 68000526
003 - CONTROL NUMBER IDENTIFIER
control field DLC
005 - DATE AND TIME OF LATEST TRANSACTION
control field 20260227111454.0
008 - FIXED-LENGTH DATA ELEMENTS--GENERAL INFORMATION
fixed length control field 840119s1967 is ac 000 0 heb
010 ## - LIBRARY OF CONGRESS CONTROL NUMBER
LC control number he 68000526
035 ## - SYSTEM CONTROL NUMBER
System control number (OCoLC)19149797
040 ## - CATALOGING SOURCE
Original cataloging agency DLC
Transcribing agency MH
Modifying agency CU
-- DLC
042 ## - AUTHENTICATION CODE
Authentication code premarc
050 00 - LIBRARY OF CONGRESS CALL NUMBER
Classification number PJ5054.B534
Item number R8
100 1# - MAIN ENTRY--PERSONAL NAME
Personal name Binietsky, Menachem.
245 10 - TITLE STATEMENT
Title Ruaḥ ḳarah min ha-tsafon :
Remainder of title mi-shire ha-tsafon ṿeha-nedudim.
260 ## - PUBLICATION, DISTRIBUTION, ETC.
Place of publication, distribution, etc. Tel Aviv :
Name of publisher, distributor, etc. B. Tsʼeriḳover,
Date of publication, distribution, etc. [1967]
300 ## - PHYSICAL DESCRIPTION
Extent 60 p. :
Other physical details ill., port. ;
Dimensions 22 cm.
500 ## - GENERAL NOTE
General note Added t.p.: A cold wind from the north; poems and drawings.
500 ## - GENERAL NOTE
General note Vocalized.
752 ## - ADDED ENTRY--HIERARCHICAL PLACE NAME
Country or larger entity Israel
City Tel Aviv

No items available.

Powered by Koha